| 000 | 00512nam a2200193Ia 4500 | ||
|---|---|---|---|
| 003 | OSt | ||
| 005 | 20241127111822.0 | ||
| 008 | 210210b1950 xxu||||| |||| 00| 0 eng d | ||
| 040 | _cAL | ||
| 041 | _aKannada | ||
| 082 | _a859/1203 | ||
| 100 |
_aBICHI BALLARI _9131472 _dಬೀಚಿ ಬಳ್ಳಾರಿ |
||
| 245 |
_aDasakuta _bದಾಸ ಕೂಟ |
||
| 260 |
_aMaisuru _bUsha Sahitya Male _c1950 |
||
| 650 |
_aDAsakUTa _9131473 |
||
| 690 |
_aKannada Fiction _9131474 |
||
| 906 | _a021946 | ||
| 942 |
_2ddc _cBK |
||
| 999 |
_c146052 _d146052 |
||